000 00271nam a2200121Ia 4500
008 190216s9999||||xx |||||||||||||| ||und||
100 _aSkaria P P
245 0 _aDhana Sasthra Thathuangal
260 _bVrindavan Pub
300 _a304p
650 _aEconomics
942 _cBK
999 _c9932
_d9932